Konkurenčnou výhodou krajiny môže byť podnikateľská elita
Manažérom firiem stále chýbajú schopnosti nájsť, osloviť, zaujať a presvedčiť globálnych partnerov. Manažéri by mali vedieť identifikovať príležitosť. Slovensko sa nachádza v tzv. semiperiférnej oblasti. Zanedbané regióny, problémy s kvalitou ľudských zdrojov. Pokrok v zosúladení slovenských zákonov...
Gespeichert in:
| 1. Verfasser: | |
|---|---|
| Format: | Buchkapitel |
| Sprache: | Slowakisch |
| Schlagworte: | |
| Tags: |
Keine Tags, Fügen Sie das erste Tag hinzu!
|
MARC
| LEADER | 00000naa a2200000 4500 | ||
|---|---|---|---|
| 001 | r046918 | ||
| 005 | 20230921113632.7 | ||
| 041 | 0 | |a slo | |
| 044 | |a SK | ||
| 245 | 1 | 0 | |a Konkurenčnou výhodou krajiny môže byť podnikateľská elita |c Katarína Začková |
| 520 | |a Manažérom firiem stále chýbajú schopnosti nájsť, osloviť, zaujať a presvedčiť globálnych partnerov. Manažéri by mali vedieť identifikovať príležitosť. Slovensko sa nachádza v tzv. semiperiférnej oblasti. Zanedbané regióny, problémy s kvalitou ľudských zdrojov. Pokrok v zosúladení slovenských zákonov s európskymi normami - otázka ich uplatnenia v bežnej praxi. | ||
| 610 | 2 | 0 | |a podnikanie |
| 610 | 2 | 0 | |a výhody konkurenčné |
| 610 | 2 | 0 | |a manažéri |
| 610 | 2 | 0 | |a konkurencia |
| 610 | 2 | 0 | |a zdroje ľudské |
| 610 | 2 | 0 | |a kvalita |
| 610 | 2 | 0 | |a vzdelanie |
| 610 | 2 | 0 | |a aproximácia práva |
| 610 | 2 | 0 | |a Slovensko |
| 610 | 2 | 0 | |a Európska únia |
| 100 | 1 | |a Začková, Katarína | |